000 00579nam a22002177a 4500
003 UA-OsUOA
001 115479
007 ta
008 20151223b un ||||| |||| 00| 0 ukr d
100 _aЛімборський І.
090 _a82
_bЛ67
942 _cSA
040 _aUA-OsUOA
_bukr
_cUA-OsUOA
_dUA-OsUOA
245 _aСентименталізм в українській літературі
300 _aС.48-56
955 _a0
041 _aukr
080 _a82
773 0 _w115476
650 7 _a82 Література. Літературознавство
_2UDC
999 _c402110
_d402110